Theologia moralis universa ad mentem S. Alphonsi M. de Ligorio Pío IX pontifici M.

Detalles Bibliográficos
Autor principal: SCAVINI, Pedro
Formato: Libro
Publicado: Barcelona 1859
Edición:3a. ed.
Materias:
Colección:Banco de datos
Acervo:Biblioteca del Ex Convento de Nuestra Señora de Guadalupe. Zacatecas
Descripción Física:t. I
Tema general:Teología
Notas:Buena. XXIX, 13, 1 (8439).
LEADER 00774nam a22002170004500
035 |a 48080 
036 |a 9264 
100 1 |a SCAVINI, Pedro. 
245 1 0 |a Theologia moralis universa ad mentem S. Alphonsi M. de Ligorio Pío IX pontifici M.  |c adnot. José Morgades y Gili 
250 |a 3a. ed. 
260 |a Barcelona  |b imp. Jacobo Subirana  |c 1859 
300 |a t. I 
500 |a Buena. XXIX, 13, 1 (8439). 
650 1 0 |a Teología 
949 |a CRZ-CG 
959 |a Ex convento de Nuestra Señora de Guadalupe, Museo Regional de Zacatecas, Zacatecas  |b CCC4 
960 |a Convento de Nuestra Señora de Guadalupe, Zacatecas  |b DD87 
961 |a Franciscana  |b OF 
942 |c CRZ-CG 
943 |g Biblioteca del Ex Convento de Nuestra Señora de Guadalupe. Zacatecas 
999 |c 972207  |d 972207